000
00303nam a2200109Ia 4500
008
171204s9999 xx 000 0 und d
245
_a
Economics For Managers:
245
_c
Paul G. Farnham
260
_c
2014
650
_x
MANAGERIAL ECONOMICS
856
_u
http://down.ebook777.com/018/9781292060095.pdf
999
_c
347031
_d
347031